Adivina el jugador de futbol (siluetas) - Estadísticas

Estadísticas generales
  • Esta prueba ha sido intentada 97 veces
  • La puntuación promedio es 16 de 20
Estadísticas de respuestas
Imagen Respuesta % Correcto
Iker Casillas
100%
Lionel Messi
98%
Cristiano Ronaldo
97%
Diego Maradona
90%
Pelé
89%
Zinédine Zidane
89%
Neymar Jr
88%
Mohamed Salah
85%
Kylian Mbappé
84%
Luis Suarez
83%
Emiliano Martínez
82%
Mario Balotelli
82%
Andrés Iniesta
81%
Ronaldo Nazario
80%
Robin Van Persie
78%
Wayne Rooney
78%
Sergio Ramos
73%
Zlatan Ibrahimovic
68%
Roberto Carlos
66%
Marco Materazzi
51%
No se encontraron pruebas coincidentes
Distribución de puntuación
Porcentaje de gente con cada puntuación
Porcentaje por número respondido
Historial de tus puntuaciones
No has intentado esta prueba.